| 000 | 00406nam a2200121Ia 4500 | ||
|---|---|---|---|
| 008 | 220214s9999 xx 000 0 und d | ||
| 100 | _aSethuraj MR | ||
| 245 | 0 | _aSeasonal changes in the effectiveness of ethrel2, 4-D and NAA in the stimulation of latex flow in Hevea brasiliensis Mull. Arg. | |
| 260 |
_bIndian Journal of Plant Physiology _c1975 |
||
| 300 | _a163-168 | ||
| 700 |
_aGeorge _MJ |
||
| 942 | _cRE | ||
| 999 |
_c45751 _d45751 |
||